Tizenegy év a sitten, majd számtalan filmszerep "egyszer szívesen eljátszanék egy veszedelmes kokainbárót ..."

Bibliographic Details
Main Authors: Szabó, László G., 1955- (Author, Interviewer), Trejo, Danny, 1944- (Author)
Format: Article
Language:Hungarian
PhysicalDescription:Fotogr.
Subjects:

MARC

LEADER 00000nab a2200000 ar4500
001 vtls009003157
003 SK-MaSNL
005 20260319071253.0
008 070416c20070414xo ||||||h| 000 b|hun
015 |a SNBRB2007/04  |2 snkbucl 
038 |a SNKBUCL 
040 |a DSZK  |b slo  |c DSZK  |e AACR2 
041 0 |a hun 
044 |a xo  |c SK 
080 |a 791.44.071.2  |2 1997 
080 |a 929 Trejo, Danny  |2 1997 
100 1 |a Szabó, László G.,  |d 1955-  |4 ivr  |4 aut  |9 840019 
245 1 0 |a Tizenegy év a sitten, majd számtalan filmszerep  |b "egyszer szívesen eljátszanék egy veszedelmes kokainbárót ..."  |c Szabó G. László, Danny Trejo 
300 |b Fotogr. 
600 1 7 |a Trejo, Danny,  |d 1944-  |2 snkbucl  |9 1065738 
655 7 |a rozhovory  |2 snkbucl  |9 31831 
700 1 |a Trejo, Danny,  |d 1944-  |4 ive  |4 aut  |9 1065738 
773 0 |t Új szó  |g Évf. 60, sz. 86 (14.4.2007), o. 10 
852 |a SNK  |b KIS3GCP 
852 |a DSZK  |b KIS3GCP 
958 |a HU 
958 |a US 
958 |a BC 
999 |c 1751619  |d 1753549